书目信息 |
| 题名: |
切韵考
|
|
| 作者: | 陈澧 撰 ;罗伟豪 点校 | |
| 分册: | ||
| 出版信息: | 广州 广东高等教育出版社 2004 |
|
| 页数: | 376页 | |
| 开本: | 21cm | |
| 丛书名: | ||
| 单 册: | ||
| 中图分类: | H113.1 | |
| 科图分类: | ||
| 主题词: | ||
| 电子资源: | ||
| ISBN: | 7-5361-3027-9 | |
| 000 | 00658nam0 2200241 45 | |
| 001 | 0900000021495 | |
| 005 | 20050928094826.59 | |
| 010 | @a7-5361-3027-9@dCNY23.00 | |
| 100 | @a20050112d2004 ekmy0chiy0120 ea | |
| 101 | 0 | @achi |
| 102 | @aCN@b440000 | |
| 105 | @ay z 000yy | |
| 200 | 1 | @a切韵考@9qie yun kao@f(清)陈澧撰@F(qing)chen li zhuan@g罗伟豪点校 |
| 210 | @a广州@c广东高等教育出版社@d2004 | |
| 215 | @a376页@d21cm | |
| 300 | @a附音学论著三种 | |
| 605 | @a切韵 | |
| 605 | @a切韵@x研究 | |
| 690 | @aH113.1@v4 | |
| 701 | 0 | @a陈澧@Achen li@4撰 |
| 702 | 0 | @a罗伟豪@9luo wei hao@4点校 |
| 801 | 0 | @aCN@bTSSF@c20050928 |
| 905 | @a10447@dH113.1@e91 | |
| 切韵考/(清)陈澧撰/罗伟豪点校.-广州:广东高等教育出版社,2004 |
| 376页;21cm |
| 附音学论著三种 |
| ISBN 7-5361-3027-9:CNY23.00 |
| ● |
| 相关链接 |
|
|
|
|
正题名:切韵考
索取号:H113.1/91
 
预约/预借
| 序号 | 登录号 | 条形码 | 馆藏地/架位号 | 状态 | 备注 |
| 1 | 0363045 | 3630459 | 第二样本阅览室/ [索取号:H113.1/91] | 在馆 | |
| 2 | 0363046 | 3630468 | 第四借阅区/ [索取号:H113.1/91] | 在馆 | |
| 3 | 0363047 | 3630477 | 第四借阅区/ [索取号:H113.1/91] | 在馆 | |
| 4 | 0363048 | 3630486 | 第四借阅区/ [索取号:H113.1/91] | 在馆 | |
| 5 | 0363049 | 3630495 | 第四借阅区/ [索取号:H113.1/91] | 在馆 |